Biggest Cities in Every Asian Country - Statistics

General Stats
  • This quiz has been taken 19 times
  • The average score is 39 of 48
Answer Stats
Country Answer % Correct
Iraq Baghdad
93%
Lebanon Beirut
93%
Bangladesh Dhaka
93%
Indonesia Jakarta
93%
Malaysia Kuala Lumpur
93%
Maldives Malé
93%
India Mumbai
93%
Oman Muscat
93%
North Korea Pyongyang
93%
China Shanghai
93%
Iran Tehran
93%
Japan Tokyo
93%
Mongolia Ulaanbaatar
93%
Kazakhstan Almaty
86%
Jordan Amman
86%
Azerbaijan Baku
86%
Sri Lanka Colombo
86%
East Timor Dili
86%
Qatar Doha
86%
Afghanistan Kabul
86%
Pakistan Karachi
86%
Nepal Kathmandu
86%
Kuwait Kuwait City
86%
Taiwan New Taipei City
86%
Saudi Arabia Riyadh
86%
South Korea Seoul
86%
Singapore Singapore
86%
Thailand Bangkok
79%
Kyrgyzstan Bishkek
79%
Tajikistan Dushanbe
79%
Turkey Istanbul
79%
Israel Jerusalem
79%
Bahrain Manama
79%
Cambodia Phnom Penh
79%
Bhutan Thimphu
79%
Myanmar Yangon
79%
Armenia Yerevan
79%
United Arab Emirates Dubai
71%
Vietnam Ho Chi Minh City
71%
Yemen Sanaa
71%
Uzbekistan Tashkent
71%
Laos Vientiane
71%
Syria Aleppo
64%
Turkmenistan Ashgabat
64%
Brunei Bandar Seri Begawan
64%
Georgia Tbilisi
64%
Philippines Quezon City
57%
Cyprus Limassol
43%
No matching quizzes found
Score Distribution
Percent of People with Each Score
Percentile by Number Answered
Your Score History
You have not taken this quiz